00459pab a2200121 454500008003600000100002300036245006800059650003400127773003400161909001000195999001700205952011500222180718b xxu||||| |||| 00| 0 eng d aDandekar, Kumudini aThe aged, their problems and social intervention in Maharashtra aOld Age - India - Maharashtra aEconomic and Political Weekly a24598 c24598d24598 00104070aIIPAbIIPAd2018-07-19hIssue no: 28(23), 5 Jun.93, p.1188-94pAR24667r2018-07-19w2018-07-19yAR